La vida es sueño: comedia famosa y auto sacramental

Bewaard in:
Bibliografische gegevens
Hoofdauteur: Calderón de la Barca, Pedro (Auteur)
Formaat: Boek
Taal:Spaans
Gepubliceerd in: Santiago Zig-Zag 1951
Reeks:Biblioteca Zig-Zag
Onderwerpen:
Tags: Voeg label toe
Geen labels, Wees de eerste die dit record labelt!

MARC

LEADER 00000nam a2200000 a 4500
001 UCZ3370
003 CL-VaPUC
008 951020e19510000CL |||||||||||||||||spa|d
082 0 4 |a 862  |b CAL  |2 21 
100 0 |a Calderón de la Barca, Pedro  |e author  |9 316207 
245 1 3 |a La vida es sueño: comedia famosa y auto sacramental 
300 |a 260 p 
942 |c BK 
945 |d 19951020 00:00:00  |a cmena 
260 |a Santiago  |b Zig-Zag  |c 1951 
650 0 |a Teatro español  |9 265077 
650 0 |a Dramas españoles  |9 267081 
650 7 |a COMEDIAS ESPAÑOLAS  |2 CL-VaPUC  |9 347158 
650 0 |a Literatura española  |9 306261 
583 |a last modification  |c 19951020 00:00:00  |k Rodrigo Vera 
490 0 |a Biblioteca Zig-Zag 
999 |c 239851  |d 239849 
952 |0 0  |1 0  |4 0  |6 862_000000000000000_CAL_1951  |7 0  |8 R  |9 251297  |a BIBEDU  |b BIBEDU  |c MCIRC  |d 2019-11-18  |i 1586866  |l 1  |o 862 CAL 1951  |p 1586866  |r 2024-12-02  |s 2024-11-27  |w 2019-11-18  |y BK_R  |k FIL 
952 |0 0  |1 0  |4 0  |6 862_000000000000000_CAL_1951  |7 0  |8 A  |9 251298  |a BIBHIS  |b BIBHIS  |d 2019-11-18  |i 4417135  |o 862 CAL 1951  |p 4417135  |r 2025-01-20  |w 2019-11-18  |y BK  |k HIS